00621nam a2200205Ia 4500003000400000008004100004040001600045082001800061100003800079245006200117700003600179260005000215300002400265490000500289650002100294650003000315650001700345650001700362650003600379GCL140319s9999 xx 000 0 ara d aGCL / cGCL04a301.42bو ق1 aعبدالمنعم الزيادى10aقصة الزواج / cعبدالمنعم الزيادى1 aوسترمارك , ادوارد aالقاهرة : bمكتبة نهضة مصر a335 ص ؛ c20 سم a04aالاختيار04aالسلوك الجنسى04aالاسرة04aالزواج04aالعلاقات الاسرية